Gemeinden Landkreis Unterallgäu - Statistiken

Allgemein
  • Dieses Quiz wurde 38 mal gespielt
  • Das Durchschnittsergebnis liegt bei 21 aus 52
Antwortstatistiken
Einwohner Gemeindeart Gemeindename % Korrekt
15.137 Stadtgemeinde, Kreisstadt Mindelheim
89%
16.328 Stadtgemeinde Bad Wörishofen
71%
8.416 Marktgemeinde Ottobeuren
68%
5.675 Marktgemeinde Bad Grönenbach
61%
3.148 Marktgemeinde Erkheim
61%
2.698 Gemeinde Sontheim
61%
5.611 Marktgemeinde Babenhausen
57%
3.290 Marktgemeinde Legau
54%
3.859 Marktgemeinde Markt Rettenbach
54%
1.121 Gemeinde Ungerhausen
54%
2.070 Gemeinde Wolfertschwenden
54%
2.014 Gemeinde Boos
50%
1.811 Gemeinde Heimertingen
50%
3.164 Gemeinde Memmingerberg
50%
2.219 Gemeinde Westerheim
50%
3.245 Gemeinde Buxheim
46%
2.193 Marktgemeinde Dirlewang
46%
1.421 Gemeinde Stetten
46%
2.102 Gemeinde Woringen
46%
1.364 Gemeinde Holzgünz
43%
1.837 Gemeinde Kammlach
43%
1.372 Gemeinde Lauben
43%
859 Gemeinde Pleß
43%
7.332 Marktgemeinde Türkheim
43%
2.042 Gemeinde Benningen
39%
1.152 Gemeinde Fellheim
39%
1.315 Gemeinde Hawangen
39%
1.278 Gemeinde Lautrach
39%
1.707 Gemeinde Trunkelsberg
39%
959 Gemeinde Winterrieden
39%
1.176 Gemeinde Egg an der Günz
36%
1.688 Gemeinde Lachen
36%
1.443 Gemeinde Niederrieden
36%
950 Gemeinde Apfeltrach
32%
772 Gemeinde Böhen
32%
2.626 Marktgemeinde Pfaffenhausen
32%
2.689 Marktgemeinde Kirchheim in Schwaben
29%
1.770 Gemeinde Kronburg
29%
2.189 Marktgemeinde Markt Wald
29%
1.542 Gemeinde Rammingen
29%
1.875 Gemeinde Eppishausen
25%
1.208 Gemeinde Oberrieden
25%
1.443 Gemeinde Wiedergeltingen
25%
1.473 Gemeinde Amberg
21%
2.361 Gemeinde Breitenbrunn
21%
3.492 Gemeinde Ettringen
21%
978 Gemeinde Oberschönegg
21%
3.047 Marktgemeinde Tussenhausen
21%
1.387 Gemeinde Unteregg
21%
1.754 Gemeinde Kettershausen
18%
1.298 Gemeinde Kirchhaslach
18%
1.441 Gemeinde Salgen
18%
Keine übereinstimmenden Quizze gefunden
Verteilung der Resultate
Anzahl Personen mit jedem Resultat
Perzentil nach korrekt beantworteten Fragen
Ihre Resultats-Entwicklung
Sie haben dieses Quiz noch nicht gespielt